God Alive: (Record no. 3715)
[ view plain ]
| 000 -LEADER | |
|---|---|
| fixed length control field | 00585nam a2200193Ia 4500 |
| 003 - CONTROL NUMBER IDENTIFIER | |
| control field | GBCCL |
| 005 - DATE AND TIME OF LATEST TRANSACTION | |
| control field | 20241126110501.0 |
| 008 - FIXED-LENGTH DATA ELEMENTS--GENERAL INFORMATION | |
| fixed length control field | 171205b xxu||||| |||| 00| 0 eng d |
| 040 ## - CATALOGING SOURCE | |
| Transcribing agency | gbc |
| 082 ## - DEWEY DECIMAL CLASSIFICATION NUMBER | |
| Classification number | 223.207 |
| Item number | WIL |
| 100 ## - MAIN ENTRY--PERSONAL NAME | |
| Personal name | Williams, Theodore |
| 9 (RLIN) | 7350 |
| 245 ## - TITLE STATEMENT | |
| Title | God Alive: |
| Remainder of title | Studies in Psalms / |
| Statement of responsibility, etc. | Theodore Williams |
| 250 ## - EDITION STATEMENT | |
| Edition statement | 3rd Ed. |
| 260 ## - PUBLICATION, DISTRIBUTION, ETC. | |
| Name of publisher, distributor, etc. | Indian Evangelical Mission, |
| Place of publication, distribution, etc. | Bangalore: |
| Date of publication, distribution, etc. | 1989 |
| 300 ## - PHYSICAL DESCRIPTION | |
| Extent | 190p.; |
| Dimensions | 18 cm. |
| 505 ## - FORMATTED CONTENTS NOTE | |
| Formatted contents note | v.1 Psalms 1-5- ; v.2 Psalms 51-100 ; v.3 Psalms 101-150 |
| 650 ## - SUBJECT ADDED ENTRY--TOPICAL TERM | |
| Topical term or geographic name entry element | Bible |
| Form subdivision | Old Testament |
| -- | Psalms |
| General subdivision | Study |
| 9 (RLIN) | 8153 |
| 942 ## - ADDED ENTRY ELEMENTS (KOHA) | |
| Source of classification or shelving scheme | Dewey Decimal Classification |
| Koha item type | Books |
| Koha issues (borrowed), all copies | 4 |
| Withdrawn status | Lost status | Source of classification or shelving scheme | Damaged status | Not for loan | Home library | Current Library | Shelving location | Date acquired | Total checkouts | Full call number | Barcode | Date last seen | Date last checked out | Copy number | Price effective from | Koha item type |
|---|---|---|---|---|---|---|---|---|---|---|---|---|---|---|---|---|
| Dewey Decimal Classification | GRACE BIBLE COLLEGE | GRACE BIBLE COLLEGE | Biblical Studies | 2017-12-05 | 1 | 223.207 WIL | 003187 | 2025-05-01 | 2025-01-22 | v.1 | 2017-12-05 | Books | ||||
| Dewey Decimal Classification | GRACE BIBLE COLLEGE | GRACE BIBLE COLLEGE | Biblical Studies | 2018-02-26 | 1 | 223.207 WIL | 003189 | 2025-05-01 | 2018-10-12 | v.1 c.2 | 2018-02-26 | Books | ||||
| Dewey Decimal Classification | GRACE BIBLE COLLEGE | GRACE BIBLE COLLEGE | Biblical Studies | 2018-02-26 | 2 | 223.207 WIL | 003192 | 2025-05-01 | 2021-03-30 | v.2 | 2018-02-26 | Books | ||||
| Dewey Decimal Classification | GRACE BIBLE COLLEGE | GRACE BIBLE COLLEGE | Biblical Studies | 2018-04-11 | 2 | 223.207 WIL | 003194 | 2025-09-23 | 2025-09-19 | v.3 | 2018-04-11 | Books |